000 01297nam a2200325 a 4500
005 20191224041625.0
008 140304s2000 ck ab fr|||| 000 0 spa d
020 _a6832325
040 _aCO-BoIAVH
_cCO-BoIAVH
041 0 _aspa
044 _ack
082 0 4 _a354
_bM38a
100 1 _aMartínez Niño, Luisa
245 1 0 _aAmbiente y desarrollo en el Caribe colombiano :
_bensayos y monografías /
_cPontificia Universidad Javeriana, Universidad Jorge Tadeo Lozano
260 _aCartagena :
_bPontificia Universidad Javeriana :
_bUniversidad Jorge Tadeo Lozano,
_c2000.
300 _a153 páginas :
_bIlustraciones, mapas ;
_c28 x 22 cm.
650 6 _aEstrategias de conservación
650 6 _aEcorregiones
650 6 _aEstrategias nacionales de biodiversidad
650 6 _aBiodiversidad
650 6 _aMonitoreo biológico
650 6 _aDesarrollo sostenible
_zCaribe (Región, Colombia)
650 6 _aDiversidad de ecosistemas
_zCaribe (Región, Colombia)
651 6 _aCaribe (Región)
_xGeografía
651 6 _aCaribe (Región)
_xDescripción.
662 _aColombia
_cSierra Nevada de Santa Marta
700 1 _aRodríguez Fadul, Max
700 1 _aSaénz Zapata, Orlando
942 _cLIBRO
_2ddc
999 _c2139
_d2139